[Event "East Dunbartonshire op 1st"]
[Site "Dunbartonshire"]
[Date "2011.08.06"]
[Round "1"]
[White "Allor, Chuckwuka"]
[Black "Glover, George V"]
[Result "1-0"]
[WhiteElo "2141"]
[BlackElo "1700"]
[PlyCount "47"]
[EventDate "2011.08.06"]
[EventType "swiss"]
[EventRounds "5"]
[EventCountry "SCO"]
[SourceTitle "EXT 2023"]
[Source "ChessBase"]
[SourceDate "2022.10.05"]
[SourceVersion "1"]
[SourceVersionDate "2022.10.05"]
[SourceQuality "1"]

1. e4 c6 2. d4 d5 3. exd5 cxd5 4. c4 Nf6 5. Nc3 e6 6. Nf3 Be7 7. Bd3 dxc4 8. Bxc4 0-0 9. 0-0 b6 10. Qe2 Bb7 11. Bg5 Nbd7 12. Rfd1 Re8 13. Ne5 Rc8 14. Nxf7 Qc7 15. Bxe6 Kf8 16. Ne5 Rcd8 17. Bf4 Qc8 18. Nxd7+ Rxd7 19. Bxd7 Qxd7 20. Be5 a6 21. Rac1 b5 22. a3 Bd8 23. Qd3 Qg4 24. Qg3 1-0